| 000 | 00484nam a22001817a 4500 | ||
|---|---|---|---|
| 999 |
_c6397 _d6395 |
||
| 005 | 20210904101738.0 | ||
| 008 | 200521b xxu||||| |||| 00| 0 eng d | ||
| 020 | _a9788120417069 | ||
| 041 | _aeng | ||
| 082 | _a320 SAB | ||
| 100 |
_aSabine, George H And Thorson, Thomas L _95711 |
||
| 245 | _aA History of Political Theory | ||
| 250 | _a4'th | ||
| 260 |
_aNew Delhi _bCBS PUblishers and Distributors _c1973 |
||
| 300 | _a871 P. | ||
| 650 |
_aPoltical Science _95696 |
||
| 942 | _cBK | ||